Making a life in Yorkville (Record no. 3215)
[ view plain ]
| 000 -LEADER | |
|---|---|
| fixed length control field | 01597nam a22003614a 4500 |
| 082 04 - DEWEY DECIMAL CLASSIFICATION NUMBER | |
| Classification number | 305.38/9623/09747 |
| 100 1# - MAIN ENTRY--AUTHOR NAME | |
| Personal name | Handel, Gerald. |
| 245 10 - TITLE STATEMENT | |
| Title | Making a life in Yorkville |
| 260 ## - PUBLICATION, DISTRIBUTION, ETC. (IMPRINT) | |
| Place of publication | Westport, Conn. : |
| Name of publisher | Greenwood Press, |
| Year of publication | 2000. |
| 300 ## - PHYSICAL DESCRIPTION | |
| Number of Pages | xviii, 149 p. |
| 490 1# - SERIES STATEMENT | |
| Series statement | Contributions in sociology, |
| 650 #0 - SUBJECT ADDED ENTRY--TOPICAL TERM | |
| Topical Term | Middle-aged men |
| Topical Term | Working class |
| Topical Term | City and town life |
| 856 40 - ELECTRONIC LOCATION AND ACCESS | |
| Uniform Resource Identifier | http://site.ebrary.com/lib/rucke/Doc?id=10004880 |
No items available.
